000 01612nkc a22002537a 4500
001 85810
005 20260417123815.0
007 kh boc
008 260416s1890 sp ||||| |||| |0| i|spa d
040 _aM-RABA
_bspa
_cM-RABA
245 0 1 _a[Iglesia de Santa María la Real de Nieva
_b: vistas del claustro y detalles de capitel]
_h[Material gráfico]
260 _c[ca. 1890]
300 _a2 fotografías
_b: aristotipo
_c; imagen 22,5 x 15.5 cm
_c; soporte secundario 24 x 16,5 cm
500 0 0 _aFotografías de la Iglesia de Santa María la Real de Nieva (Segovia) que muestran una vista de una de las fachadas del claustro y un detalle de un capitel con motivos animales (representación de dos leones).
500 0 0 _aUna de las imágenes (la correspondiente a la vista del claustro) se encuentra coloreada a mano en ciertas zonas como el cielo y la vegetación de la mitad inferior.
500 0 0 _aAnotaciones manuscritas a tinta al verso del soporte secundario: Fot-652: "Sta. María de Nieva. Capitel del claustro"; Fot-653: "Sta. María de Nieva".
610 2 7 _aConvento de Santa María la Real de Nieva (
_cSegovia, España)
_915441
651 7 _aSegovia (España)
_975469
655 0 _aFotografías de monumentos
_9111580
852 _jFot-652; Fot-653
856 _uhttps://archivoybiblioteca.realacademiabellasartessanfernando.com/cgi-bin/koha/opac-retrieve-file.pl?id=0095d45e0bcc3b37837bca5412504127
_yFot-652
856 _uhttps://archivoybiblioteca.realacademiabellasartessanfernando.com/cgi-bin/koha/opac-retrieve-file.pl?id=240356044110fcc9f30dbd5725d6c338
_yFot-653
942 _cFOTOGRAFÍA
_n0
999 _c85810
_d85810